[Event "Glorney Gilbert International 2015 - Glorney"]
[Site "Johnstown House, Enfield, Co. Meath, Ireland"]
[Date "2015.07.20"]
[Round "1.1"]
[White "IRL O'Donnell, Conor"]
[Black "WLS Evans, Nicholas"]
[Result "1-0"]
[BlackElo "1923"]
[WhiteElo "2263"]
[LiveChessVersion "1.4.6"]

1. d4 d5 2. c4 e6 3. Nc3 c6 4. e4 dxe4 5. Nxe4 Bb4+ 6. Bd2 Qxd4 7. Bxb4 Qxe4+ 8.
Ne2 Na6 9. Bf8 Qe5 10. Qd2 Bd7 11. Bd6 Qe4 12. O-O-O O-O-O 13. Qa5 Qf5 14. c5 Be8
15. Ng3 Qxf2 16. Bxa6 Rxd6 17. cxd6 Qb6 18. Qxb6 axb6 19. Bxb7+ 1-0

[Event "Glorney Gilbert International 2015 - Glorney"]
[Site "Johnstown House, Enfield, Co. Meath, Ireland"]
[Date "2015.07.20"]
[Round "1.2"]
[White "WLS Thomas,Ben"]
[Black "IRL Mulligan, Scott"]
[Result "1-0"]
[BlackElo "1957"]
[WhiteElo "1850"]
[LiveChessVersion "1.4.6"]

1. e4 {[%clk 1:30:44]} e6 {[%clk 1:30:42]} 2. d4 {[%clk 1:30:46]} d5
{[%clk 1:30:33]} 3. exd5 {[%clk 1:30:34]} exd5 {[%clk 1:30:55]} 4. c4
{[%clk 1:30:42]} Nf6 {[%clk 1:31:19]} 5. Nc3 {[%clk 1:30:19]} Bb4
{[%clk 1:30:50]} 6. Nf3 {[%clk 1:28:29]} O-O {[%clk 1:29:23]} 7. Bd3
{[%clk 1:24:54]} Qe7+ {[%clk 1:18:50]} 8. Be3 {[%clk 1:22:05]} Be6
{[%clk 1:06:17]} 9. cxd5 {[%clk 1:13:38]} Nxd5 {[%clk 1:05:22]} 10. Qc2
{[%clk 1:02:18]} h6 {[%clk 1:03:58]} 11. O-O {[%clk 1:00:00]} Nd7
{[%clk 1:01:01]} 12. Rfe1 {[%clk 0:51:33]} N7f6 {[%clk 0:54:33]} 13. Bd2
{[%clk 0:47:32]} c6 {[%clk 0:46:36]} 14. Ne5 {[%clk 0:31:42]} Bd6
{[%clk 0:39:01]} 15. Nxd5 {[%clk 0:29:51]} Nxd5 {[%clk 0:38:30]} 16. f4
{[%clk 0:28:39]} Nb4 {[%clk 0:31:23]} 17. Bxb4 {[%clk 0:25:32]} Bxb4
{[%clk 0:31:33]} 18. Re2 {[%clk 0:17:30]} Qd6 {[%clk 0:26:46]} 19. Bh7+
{[%clk 0:16:19]} Kh8 {[%clk 0:27:04]} 20. Rd1 {[%clk 0:16:17]} Bd5
{[%clk 0:17:51]} 21. a3 {[%clk 0:13:38]} Ba5 {[%clk 0:17:50]} 22. Bf5
{[%clk 0:13:12]} Bb6 {[%clk 0:13:37]} 23. b4 {[%clk 0:12:59]} Rfe8
{[%clk 0:09:41]} 24. Qd3 Kg8 {[%clk 0:08:12]} 25. Rde1 {[%clk 0:08:14]} Be6
{[%clk 0:07:09]} 26. Nf3 {[%clk 0:07:11]} a5 {[%clk 0:04:41]} 27. Bxe6
{[%clk 0:06:49]} Rxe6 {[%clk 0:05:03]} 28. Rxe6 {[%clk 0:06:28]} fxe6
{[%clk 0:05:32]} 29. Qg6 {[%clk 0:06:28]} Bxd4+ {[%clk 0:05:48]} 30. Kh1
{[%clk 0:06:48]} Bf6 {[%clk 0:06:10]} 31. bxa5 {[%clk 0:06:58]} Rxa5
{[%clk 0:04:20]} 32. Qe8+ {[%clk 0:07:16]} Kh7 {[%clk 0:04:26]} 33. Rxe6
{[%clk 0:07:14]} Qxf4 {[%clk 0:04:37]} 34. Qd7 {[%clk 0:05:48]} Rxa3
{[%clk 0:04:33]} 35. Re1 {[%clk 0:04:12]} Rxf3 {[%clk 0:02:50]} 36. gxf3
{[%clk 0:04:03]} Qxf3+ {[%clk 0:03:16]} 37. Kg1 {[%clk 0:04:24]} Qg4+
{[%clk 0:03:30]} 38. Qxg4 1-0

[Event "Glorney Gilbert International 2015 - Glorney"]
[Site "Johnstown House, Enfield, Co. Meath, Ireland"]
[Date "2015.07.20"]
[Round "1.6"]
[White "ENG Wilson, Ollie"]
[Black "SCO Koehn, Lennart"]
[Result "1/2-1/2"]
[BlackElo "1862"]
[WhiteElo "1909"]
[LiveChessVersion "1.4.6"]

1. d4 {[%clk 1:30:30]} Nf6 {[%clk 1:30:53]} 2. c4 {[%clk 1:30:55]} c5
{[%clk 1:31:16]} 3. d5 {[%clk 1:31:22]} b5 {[%clk 1:31:39]} 4. cxb5
{[%clk 1:30:22]} a6 {[%clk 1:32:01]} 5. bxa6 {[%clk 1:30:08]} g6 {[%clk 1:31:56]}
6. Nc3 {[%clk 1:28:36]} Bxa6 {[%clk 1:32:19]} 7. g3 {[%clk 1:27:04]} d6
{[%clk 1:32:11]} 8. Bg2 {[%clk 1:27:18]} Bg7 {[%clk 1:32:10]} 9. Nf3
{[%clk 1:25:57]} Nbd7 {[%clk 1:31:44]} 10. O-O {[%clk 1:25:25]} Nb6
{[%clk 1:30:56]} 11. Re1 {[%clk 1:22:50]} O-O {[%clk 1:26:31]} 12. Rb1
{[%clk 1:15:50]} Bc4 {[%clk 1:17:55]} 13. e4 {[%clk 1:11:17]} Bxa2
{[%clk 1:13:15]} 14. Nxa2 {[%clk 1:11:42]} Rxa2 {[%clk 1:13:36]} 15. b4
{[%clk 1:02:05]} c4 {[%clk 0:54:48]} 16. Nd4 {[%clk 0:40:48]} Qd7
{[%clk 0:50:42]} 17. Nc6 {[%clk 0:36:49]} Ng4 {[%clk 0:38:26]} 18. Re2
{[%clk 0:28:46]} Rxe2 {[%clk 0:31:23]} 19. Qxe2 {[%clk 0:29:13]} Ne5
{[%clk 0:31:28]} 20. Nxe5 {[%clk 0:18:21]} Bxe5 {[%clk 0:29:51]} 21. Be3
{[%clk 0:18:46]} Qb5 {[%clk 0:28:04]} 22. Bxb6 {[%clk 0:16:00]} Qxb6
{[%clk 0:28:27]} 23. Qxc4 {[%clk 0:16:22]} Bd4 {[%clk 0:28:31]} 24. Qc2
{[%clk 0:16:44]} f5 {[%clk 0:27:47]} 25. e5 {[%clk 0:11:41]} dxe5
{[%clk 0:26:12]} 26. Bh3 {[%clk 0:07:03]} 1/2-1/2

[Event "Glorney Gilbert International 2015 - Glorney"]
[Site "Johnstown House, Enfield, Co. Meath, Ireland"]
[Date "2015.07.20"]
[Round "1.7"]
[White "SCO Shafi, Declan"]
[Black "ENG Fraser, John"]
[Result "1-0"]
[BlackElo "1913"]
[WhiteElo "1908"]
[LiveChessVersion "1.4.6"]

1. c4 {[%clk 1:30:57]} e5 {[%clk 1:30:52]} 2. Nc3 {[%clk 1:31:23]} Nc6
{[%clk 1:31:18]} 3. g3 {[%clk 1:31:49]} g6 {[%clk 1:31:45]} 4. Bg2
{[%clk 1:32:14]} Bg7 {[%clk 1:32:11]} 5. e3 {[%clk 1:32:34]} d6 {[%clk 1:32:28]}
6. Nge2 {[%clk 1:32:58]} Be6 {[%clk 1:32:49]} 7. d4 {[%clk 1:33:21]} exd4
{[%clk 1:32:20]} 8. Nxd4 {[%clk 1:33:35]} Bd7 {[%clk 1:32:42]} 9. O-O
{[%clk 1:33:18]} Nge7 {[%clk 1:33:02]} 10. b3 {[%clk 1:30:55]} O-O
{[%clk 1:33:20]} 11. Bb2 {[%clk 1:30:14]} Qc8 {[%clk 1:33:13]} 12. Nd5
{[%clk 1:23:13]} Nxd5 {[%clk 1:17:24]} 13. cxd5 {[%clk 1:22:34]} Ne5
{[%clk 1:12:57]} 14. Rc1 {[%clk 1:19:38]} Bh3 {[%clk 1:06:04]} 15. Qc2
{[%clk 1:13:07]} Bxg2 {[%clk 0:44:00]} 16. Kxg2 {[%clk 1:13:24]} c5
{[%clk 0:39:01]} 17. dxc6 {[%clk 1:13:17]} bxc6 {[%clk 0:38:52]} 18. Nxc6
{[%clk 1:01:26]} Nxc6 {[%clk 0:35:24]} 19. Bxg7 {[%clk 1:01:19]} Nb4
{[%clk 0:33:54]} 20. Qe4 {[%clk 0:57:08]} Qb8 {[%clk 0:24:19]} 21. Bxf8
{[%clk 0:56:12]} Kxf8 {[%clk 0:24:16]} 22. a3 {[%clk 0:52:28]} Na6
{[%clk 0:21:47]} 23. b4 {[%clk 0:51:20]} Qd8 {[%clk 0:21:25]} 24. Qc6
{[%clk 0:50:30]} 1-0

[Event "Glorney Gilbert International 2015 - Glorney"]
[Site "Johnstown House, Enfield, Co. Meath, Ireland"]
[Date "2015.07.20"]
[Round "1.8"]
[White "ENG Gallagher, Daniel"]
[Black "SCO Milton, Carl"]
[Result "1-0"]
[BlackElo "1777"]
[WhiteElo "1902"]
[LiveChessVersion "1.4.6"]

1. e4 {[%clk 1:30:30]} c5 {[%clk 1:30:30]} 2. Nf3 {[%clk 1:30:30]} d6
{[%clk 1:30:53]} 3. d4 {[%clk 1:30:51]} cxd4 {[%clk 1:31:20]} 4. Nxd4
{[%clk 1:31:17]} Nf6 {[%clk 1:31:45]} 5. Nc3 {[%clk 1:31:44]} g6 {[%clk 1:32:12]}
6. Be3 {[%clk 1:32:09]} Bg7 {[%clk 1:32:39]} 7. f3 {[%clk 1:32:35]} Nc6
{[%clk 1:33:06]} 8. Qd2 {[%clk 1:33:02]} O-O {[%clk 1:33:29]} 9. g4
{[%clk 1:33:30]} Be6 {[%clk 1:33:29]} 10. Nxe6 {[%clk 1:33:54]} fxe6
{[%clk 1:33:57]} 11. O-O-O {[%clk 1:34:15]} Ne5 {[%clk 1:27:29]} 12. Be2
{[%clk 1:34:43]} Qc7 {[%clk 1:22:50]} 13. Nb5 {[%clk 1:33:52]} Qc6
{[%clk 1:05:25]} 14. Nd4 {[%clk 1:25:17]} Qa4 {[%clk 1:02:18]} 15. Kb1
{[%clk 1:06:23]} Nc4 {[%clk 0:43:02]} 16. Bxc4 {[%clk 1:06:03]} Qxc4
{[%clk 0:42:43]} 17. h4 {[%clk 0:58:43]} e5 {[%clk 0:22:41]} 18. Ne2
{[%clk 0:48:45]} d5 {[%clk 0:16:25]} 19. exd5 {[%clk 0:28:32]} e4
{[%clk 0:15:29]} 20. fxe4 {[%clk 0:25:38]} Nxg4 {[%clk 0:15:38]} 21. Nd4
{[%clk 0:23:14]} e5 {[%clk 0:02:58]} 22. b3 {[%clk 0:17:27]} Qc5 {[%clk 0:01:09]}
23. Nf5 {[%clk 0:17:12]} Nxe3 {[%clk 0:01:32]} 24. Qxe3 {[%clk 0:16:22]} Qxe3
{[%clk 0:02:01]} 25. Nxe3 {[%clk 0:16:51]} Rf4 {[%clk 0:02:28]} 26. Nc4
{[%clk 0:15:14]} Rxe4 {[%clk 0:02:51]} 27. Nd6 {[%clk 0:14:53]} Rb4
{[%clk 0:01:45]} 28. c3 {[%clk 0:14:29]} Rb6 {[%clk 0:00:35]} 29. Ne4
{[%clk 0:14:54]} Rd8 {[%clk 0:00:40]} 30. Rhf1 {[%clk 0:12:38]} a5
{[%clk 0:01:00]} 31. c4 {[%clk 0:12:29]} a4 {[%clk 0:01:23]} 32. Kb2
{[%clk 0:12:19]} Bf8 {[%clk 0:01:29]} 33. Kc3 {[%clk 0:11:33]} Bb4+
{[%clk 0:01:26]} 34. Kc2 {[%clk 0:11:33]} Be7 {[%clk 0:01:41]} 35. Ng5
{[%clk 0:08:58]} axb3+ {[%clk 0:01:15]} 36. axb3 {[%clk 0:09:06]} Rd7
{[%clk 0:01:10]} 37. Rde1 {[%clk 0:06:24]} h6 {[%clk 0:00:38]} 38. Nf3
{[%clk 0:06:03]} Rf6 {[%clk 0:00:49]} 39. Nxe5 {[%clk 0:05:30]} Rxf1
{[%clk 0:00:37]} 40. Rxf1 {[%clk 0:05:59]} Rd6 {[%clk 0:00:53]} 41. Nf7
{[%clk 0:05:12]} Ra6 {[%clk 0:00:38]} 42. Nxh6+ {[%clk 0:05:33]} Kg7
{[%clk 0:00:52]} 43. Rf7+ {[%clk 0:05:49]} Kxh6 {[%clk 0:01:18]} 44. Rxe7
{[%clk 0:06:15]} b5 {[%clk 0:01:30]} 45. c5 {[%clk 0:06:19]} Ra2+
{[%clk 0:01:45]} 46. Kc3 {[%clk 0:06:34]} Kh5 {[%clk 0:01:59]} 47. d6
{[%clk 0:06:39]} 1-0

[Event "Glorney Gilbert International 2015 - Glorney"]
[Site "Johnstown House, Enfield, Co. Meath, Ireland"]
[Date "2015.07.20"]
[Round "1.9"]
[White "SCO Underwood, Jamie"]
[Black "ENG Green, Michael"]
[Result "0-1"]
[BlackElo "1910"]
[WhiteElo "1534"]
[LiveChessVersion "1.4.6"]

1. c4 {[%clk 1:30:53]} e5 {[%clk 1:30:49]} 2. Nc3 {[%clk 1:31:02]} Nf6
{[%clk 1:31:06]} 3. g3 {[%clk 1:31:27]} d5 {[%clk 1:31:27]} 4. cxd5
{[%clk 1:31:45]} Nxd5 {[%clk 1:31:50]} 5. Bg2 {[%clk 1:32:11]} Nb6
{[%clk 1:32:08]} 6. Nf3 {[%clk 1:31:40]} Nc6 {[%clk 1:32:30]} 7. d3
{[%clk 1:30:13]} Be6 {[%clk 1:30:34]} 8. O-O {[%clk 1:27:07]} f6 {[%clk 1:29:43]}
9. a3 {[%clk 1:24:05]} Qd7 {[%clk 1:27:29]} 10. b4 {[%clk 1:20:50]} O-O-O
{[%clk 1:25:51]} 11. Qc2 {[%clk 1:19:15]} g5 {[%clk 1:25:13]} 12. Ne4
{[%clk 1:11:37]} Nd5 {[%clk 1:19:27]} 13. b5 {[%clk 1:05:06]} Nd4
{[%clk 1:15:34]} 14. Nxd4 {[%clk 1:04:16]} exd4 {[%clk 1:15:56]} 15. Bd2
{[%clk 1:01:25]} Kb8 {[%clk 1:05:23]} 16. a4 {[%clk 0:46:57]} Bh3
{[%clk 0:55:13]} 17. Nc5 {[%clk 0:38:26]} Bxc5 {[%clk 0:53:58]} 18. Qxc5
{[%clk 0:38:52]} Bxg2 {[%clk 0:53:43]} 19. Kxg2 {[%clk 0:39:14]} h5
{[%clk 0:50:34]} 20. h3 {[%clk 0:31:35]} Qf5 {[%clk 0:38:03]} 21. Rac1
{[%clk 0:27:38]} Rhe8 {[%clk 0:29:36]} 22. Rfe1 {[%clk 0:20:50]} Re5
{[%clk 0:19:04]} 23. Qc2 {[%clk 0:19:57]} Rde8 {[%clk 0:17:44]} 24. Qd1
{[%clk 0:19:10]} Qe6 {[%clk 0:13:44]} 25. Ba5 {[%clk 0:14:17]} b6
{[%clk 0:10:23]} 26. Bd2 {[%clk 0:14:06]} Rxe2 {[%clk 0:09:03]} 27. Kg1
{[%clk 0:02:29]} Re7 {[%clk 0:04:09]} 28. Qb3 {[%clk 0:01:29]} Qf5
{[%clk 0:03:24]} 29. Rxe2 {[%clk 0:00:57]} Rxe2 {[%clk 0:03:39]} 30. Be1
{[%clk 0:01:26]} Qf3 {[%clk 0:02:30]} 31. Qc4 {[%clk 0:01:13]} h4
{[%clk 0:01:00]} 32. Qxd4 {[%clk 0:00:47]} hxg3 {[%clk 0:01:11]} 33. Qg4
{[%clk 0:00:40]} Rxe1+ {[%clk 0:00:56]} 34. Rxe1 {[%clk 0:00:33]} Qxf2+
{[%clk 0:01:20]} 35. Kh1 Qxe1+ 36. Kg2 Qf2+ 37. Kh1 Qh2# 0-1

[Event "Glorney Gilbert International 2015 - Glorney"]
[Site "Johnstown House, Enfield, Co. Meath, Ireland"]
[Date "2015.07.20"]
[Round "1.10"]
[White "ENG Dalton, Joseph"]
[Black "SCO He, Ben"]
[Result "1-0"]
[BlackElo "1704"]
[WhiteElo "1825"]
[LiveChessVersion "1.4.6"]

1. d4 {[%clk 1:30:56]} b6 {[%clk 1:30:53]} 2. Nf3 {[%clk 1:30:47]} e6
{[%clk 1:31:07]} 3. e3 {[%clk 1:31:03]} Bb7 {[%clk 1:31:28]} 4. Bd3
{[%clk 1:31:10]} Nf6 {[%clk 1:31:35]} 5. Nbd2 {[%clk 1:30:51]} c5
{[%clk 1:31:46]} 6. b3 {[%clk 1:30:45]} Nc6 {[%clk 1:30:52]} 7. Bb2
{[%clk 1:30:28]} cxd4 {[%clk 1:30:51]} 8. exd4 {[%clk 1:30:47]} Be7
{[%clk 1:29:36]} 9. c4 {[%clk 1:29:45]} O-O {[%clk 1:29:37]} 10. O-O
{[%clk 1:30:12]} Rc8 {[%clk 1:28:10]} 11. a3 {[%clk 1:30:05]} d5 {[%clk 1:27:36]}
12. Rc1 {[%clk 1:29:04]} Na5 {[%clk 1:20:29]} 13. c5 {[%clk 1:24:06]} bxc5
{[%clk 1:17:36]} 14. dxc5 {[%clk 1:24:34]} Nc6 {[%clk 1:01:48]} 15. b4
{[%clk 1:24:15]} a6 {[%clk 0:59:11]} 16. Qe2 {[%clk 1:23:19]} Ra8
{[%clk 0:59:03]} 17. Ne5 {[%clk 1:22:43]} Qc7 {[%clk 0:56:36]} 18. Nb3
{[%clk 1:22:07]} Qc8 {[%clk 0:51:26]} 19. Qc2 {[%clk 1:13:01]} Rd8
{[%clk 0:47:09]} 20. Nxc6 {[%clk 1:10:45]} Bxc6 {[%clk 0:47:30]} 21. Nd4
{[%clk 1:07:16]} h6 {[%clk 0:39:32]} 22. a4 {[%clk 1:05:40]} Be8 {[%clk 0:36:17]}
23. Rfe1 {[%clk 1:00:21]} Qb8 {[%clk 0:31:25]} 24. b5 {[%clk 0:58:10]} axb5
{[%clk 0:31:31]} 25. axb5 {[%clk 0:58:00]} Rc8 {[%clk 0:26:36]} 26. c6
{[%clk 0:56:22]} Ng4 {[%clk 0:25:24]} 27. Nf3 {[%clk 0:53:29]} Bd6
{[%clk 0:19:53]} 28. h3 {[%clk 0:51:59]} Nf6 {[%clk 0:20:11]} 29. Ra1
{[%clk 0:41:04]} Rxa1 {[%clk 0:20:05]} 30. Bxa1 {[%clk 0:41:06]} Ne4
{[%clk 0:18:09]} 31. Bxe4 {[%clk 0:34:06]} dxe4 {[%clk 0:18:35]} 32. Nd4
{[%clk 0:34:07]} Be5 {[%clk 0:17:48]} 33. Qc5 {[%clk 0:33:35]} Bh2+
{[%clk 0:16:00]} 34. Kh1 {[%clk 0:33:28]} Bd6 {[%clk 0:16:29]} 35. Qc4
{[%clk 0:32:56]} Qa7 {[%clk 0:16:03]} 36. Rb1 {[%clk 0:31:09]} Bc5
{[%clk 0:14:59]} 37. Bc3 {[%clk 0:28:51]} Bb6 {[%clk 0:12:54]} 38. Nxe6
{[%clk 0:28:10]} Bxf2 {[%clk 0:11:09]} 39. Bd4 {[%clk 0:28:29]} Bxd4
{[%clk 0:11:21]} 40. Qxd4 {[%clk 0:28:54]} Qxd4 {[%clk 0:11:13]} 41. Nxd4
{[%clk 0:29:20]} e3 {[%clk 0:07:51]} 42. b6 {[%clk 0:29:03]} e2 {[%clk 0:08:01]}
43. b7 {[%clk 0:29:25]} Rd8 {[%clk 0:07:43]} 44. Nxe2 {[%clk 0:29:23]} 1-0

[Event "Glorney Gilbert International 2015 - Glorney"]
[Site "Johnstown House, Enfield, Co. Meath, Ireland"]
[Date "2015.07.20"]
[Round "2.1"]
[White "WLS Evans, Nicholas"]
[Black "ENG Wilson, Ollie"]
[Result "1-0"]
[BlackElo "1909"]
[WhiteElo "1923"]
[LiveChessVersion "1.4.6"]

1. d4 Nf6 2. Nf3 g6 3. c4 Bg7 4. g3 O-O 5. Bg2 d6 6. O-O Nbd7 7. Nc3 e5 8. dxe5
Nxe5 9. Nxe5 dxe5 10. Bg5 Qxd1 11. Rfxd1 Be6 12. Nd5 Nxd5 13. cxd5 Bg4 14. Rd2 h6
15. Be7 Rfe8 16. d6 cxd6 17. Bxd6 e4 18. Bc5 b6 19. Be3 g5 20. h3 Bf5 21. Rad1
Rac8 22. b3 Rc3 23. g4 Be6 24. Rd8 Rc8 25. Rxc8 Bxc8 26. Rc1 Ba6 27. Rc7 Bxe2 28.
Rxa7 Re6 29. Ra8+ Kh7 30. Bxb6 Bf3 31. Be3 Rd6 32. Ra5 Bf8 33. Bxf3 exf3 34. Kh2
Rf6 35. Bd4 Rf4 36. Be5 Re4 37. Bg3 Re2 38. a4 Rb2 39. Rb5 Bg7 40. a5 Bd4 41. Rb7
Kg6 42. b4 f5 43. gxf5+ Kxf5 44. a6 h5 45. a7 Ra2 46. Rb5+ Kf6 47. h4 g4 48. Rxh5
Bxa7 49. Ra5 Rxa5 50. bxa5 Bc5 51. a6 Kg6 52. Kg1 Ba7 53. Kf1 Kf5 54. Ke1 Ke4 55.
Kd2 Kd4 56. h5 Ke4 57. h6 Kf5 58. h7 Bd4 59. a7 1-0

[Event "Glorney Gilbert International 2015 - Glorney"]
[Site "Johnstown House, Enfield, Co. Meath, Ireland"]
[Date "2015.07.20"]
[Round "2.2"]
[White "ENG Fraser, John"]
[Black "WLS Thomas,Ben"]
[Result "0-1"]
[BlackElo "1850"]
[WhiteElo "1913"]
[LiveChessVersion "1.4.6"]

1. e4 {[%clk 1:30:57]} b6 {[%clk 1:30:31]} 2. d4 {[%clk 1:31:16]} Bb7
{[%clk 1:30:49]} 3. Nc3 {[%clk 1:31:37]} e6 {[%clk 1:31:09]} 4. Nf3
{[%clk 1:31:50]} Bb4 {[%clk 1:31:17]} 5. Bd3 {[%clk 1:32:07]} Nf6
{[%clk 1:30:44]} 6. Bg5 {[%clk 1:32:18]} h6 {[%clk 1:30:45]} 7. Bxf6
{[%clk 1:32:44]} Qxf6 {[%clk 1:30:51]} 8. O-O {[%clk 1:32:40]} Bxc3
{[%clk 1:30:51]} 9. bxc3 {[%clk 1:33:05]} O-O {[%clk 1:30:07]} 10. Nd2
{[%clk 1:33:01]} d5 {[%clk 1:26:37]} 11. e5 {[%clk 1:28:44]} Qe7 {[%clk 1:21:53]}
12. f4 {[%clk 1:25:50]} c5 {[%clk 1:16:06]} 13. f5 {[%clk 1:13:54]} exf5
{[%clk 1:15:22]} 14. Rxf5 {[%clk 0:52:21]} Nc6 {[%clk 1:14:41]} 15. Nf3
{[%clk 0:47:12]} Qe6 {[%clk 1:10:35]} 16. Nh4 {[%clk 0:12:04]} cxd4
{[%clk 1:02:56]} 17. Qh5 {[%clk 0:07:36]} f6 {[%clk 0:49:11]} 18. exf6
{[%clk 0:05:26]} Rxf6 {[%clk 0:47:40]} 19. Rxf6 {[%clk 0:05:45]} Qxf6
{[%clk 0:48:01]} 20. Qxd5+ {[%clk 0:05:28]} Kh8 {[%clk 0:43:10]} 21. Ng6+
{[%clk 0:05:49]} Kh7 {[%clk 0:43:32]} 22. Nf8+ {[%clk 0:06:14]} Kh8
{[%clk 0:43:51]} 23. Ng6+ {[%clk 0:06:43]} Kh7 {[%clk 0:44:06]} 24. Rf1
{[%clk 0:03:58]} Na5 {[%clk 0:40:53]} 25. Qh5 {[%clk 0:00:43]} Qg5
{[%clk 0:40:12]} 26. Ne7+ {[%clk 0:00:39]} Kh8 27. Qf7 Qxg2# 0-1

[Event "Glorney Gilbert International 2015 - Glorney"]
[Site "Johnstown House, Enfield, Co. Meath, Ireland"]
[Date "2015.07.20"]
[Round "2.6"]
[White "SCO Koehn, Lennart"]
[Black "IRL O'Donnell, Conor"]
[Result "0-1"]
[BlackElo "2263"]
[WhiteElo "1862"]
[LiveChessVersion "1.4.6"]

1. e4 {[%clk 1:30:57]} c5 {[%clk 1:30:54]} 2. Nf3 {[%clk 1:31:19]} d6
{[%clk 1:31:19]} 3. d4 {[%clk 1:31:43]} cxd4 {[%clk 1:31:44]} 4. Nxd4
{[%clk 1:32:07]} Nf6 {[%clk 1:32:09]} 5. Nc3 {[%clk 1:32:30]} Nc6
{[%clk 1:32:27]} 6. Bg5 {[%clk 1:31:34]} e6 {[%clk 1:32:46]} 7. f4
{[%clk 1:26:33]} h6 {[%clk 1:19:32]} 8. Bh4 {[%clk 1:20:15]} Be7 {[%clk 1:15:57]}
9. e5 {[%clk 0:59:33]} dxe5 {[%clk 1:04:33]} 10. Nxc6 {[%clk 0:59:33]} Qxd1+
{[%clk 1:02:48]} 11. Rxd1 {[%clk 0:59:28]} bxc6 {[%clk 1:03:11]} 12. fxe5
{[%clk 0:59:23]} Ng4 {[%clk 0:56:23]} 13. Bg3 {[%clk 0:47:11]} Rb8
{[%clk 0:47:44]} 14. Rd4 {[%clk 0:30:36]} Ne3 {[%clk 0:46:29]} 15. Ra4
{[%clk 0:29:55]} Rxb2 {[%clk 0:42:34]} 16. Ne4 {[%clk 0:16:54]} Rxc2
{[%clk 0:22:09]} 17. Nd6+ {[%clk 0:15:08]} Bxd6 {[%clk 0:22:31]} 18. exd6
{[%clk 0:15:32]} a6 {[%clk 0:16:37]} 19. Bxa6 {[%clk 0:10:08]} Nxg2+
{[%clk 0:16:36]} 20. Kd1 {[%clk 0:10:36]} Ne3+ {[%clk 0:16:52]} 21. Ke1
{[%clk 0:11:04]} Bxa6 {[%clk 0:14:20]} 22. Rxa6 {[%clk 0:11:04]} Ng2+
{[%clk 0:14:36]} 23. Kd1 {[%clk 0:10:52]} Ne3+ {[%clk 0:15:04]} 24. Ke1
{[%clk 0:11:14]} O-O {[%clk 0:15:08]} 25. Rg1 {[%clk 0:10:32]} Rb8
{[%clk 0:14:13]} 0-1

[Event "Glorney Gilbert International 2015 - Glorney"]
[Site "Johnstown House, Enfield, Co. Meath, Ireland"]
[Date "2015.07.20"]
[Round "2.7"]
[White "IRL Mulligan, Scott"]
[Black "SCO Shafi, Declan"]
[Result "0-1"]
[BlackElo "1908"]
[WhiteElo "1957"]
[LiveChessVersion "1.4.6"]

1. e4 {[%clk 1:28:17]} e5 {[%clk 1:30:56]} 2. Nf3 {[%clk 1:28:42]} Nc6
{[%clk 1:31:22]} 3. Bc4 {[%clk 1:27:50]} Bc5 {[%clk 1:31:45]} 4. c3
{[%clk 1:27:32]} Nf6 {[%clk 1:32:08]} 5. d3 {[%clk 1:27:51]} O-O {[%clk 1:32:31]}
6. Bb3 {[%clk 1:28:07]} d5 {[%clk 1:32:44]} 7. Qe2 {[%clk 1:24:20]} dxe4
{[%clk 1:29:56]} 8. dxe4 {[%clk 1:24:43]} h6 {[%clk 1:27:30]} 9. Nbd2
{[%clk 1:23:14]} Qe7 {[%clk 1:25:26]} 10. Nf1 {[%clk 1:22:31]} Ng4
{[%clk 1:23:01]} 11. Be3 {[%clk 1:21:00]} Nxe3 {[%clk 1:22:34]} 12. Nxe3
{[%clk 1:21:25]} Bxe3 {[%clk 1:22:28]} 13. Qxe3 {[%clk 1:21:50]} Be6
{[%clk 1:22:01]} 14. Bxe6 {[%clk 1:13:27]} Qxe6 {[%clk 1:22:14]} 15. b3
{[%clk 1:08:15]} Ne7 {[%clk 1:14:32]} 16. O-O-O {[%clk 1:07:23]} a5
{[%clk 1:11:22]} 17. Kb2 {[%clk 0:57:24]} a4 {[%clk 1:07:19]} 18. g4
{[%clk 0:54:57]} Ra5 {[%clk 1:03:23]} 19. g5 {[%clk 0:48:36]} axb3
{[%clk 0:53:27]} 20. axb3 {[%clk 0:48:53]} Rfa8 {[%clk 0:52:56]} 21. Rb1
{[%clk 0:40:44]} Qa6 {[%clk 0:46:15]} 22. Kc1 {[%clk 0:23:50]} Ra2
{[%clk 0:41:20]} 23. Rg1 {[%clk 0:15:35]} Re2 {[%clk 0:40:31]} 24. Qc5
{[%clk 0:11:27]} Qa2 {[%clk 0:40:35]} 0-1

[Event "Glorney Gilbert International 2015 - Glorney"]
[Site "Johnstown House, Enfield, Co. Meath, Ireland"]
[Date "2015.07.20"]
[Round "2.8"]
[White "SCO Milton, Carl"]
[Black "IRL Byrne, Alex"]
[Result "1/2-1/2"]
[BlackElo "1558"]
[WhiteElo "1777"]
[LiveChessVersion "1.4.6"]

1. d4 {[%clk 1:30:58]} e6 {[%clk 1:29:46]} 2. Nf3 {[%clk 1:31:17]} f5
{[%clk 1:27:29]} 3. c4 {[%clk 1:31:11]} Nf6 {[%clk 1:27:29]} 4. Nc3
{[%clk 1:31:14]} Be7 {[%clk 1:21:07]} 5. g3 {[%clk 1:31:29]} Ne4 {[%clk 1:20:45]}
6. Bg2 {[%clk 1:30:37]} Nxc3 {[%clk 1:15:14]} 7. bxc3 {[%clk 1:31:05]} O-O
{[%clk 1:14:45]} 8. O-O {[%clk 1:30:19]} d6 {[%clk 1:05:50]} 9. Ne1
{[%clk 1:20:54]} c6 {[%clk 1:00:47]} 10. Qb3 {[%clk 1:03:53]} Kh8
{[%clk 0:52:37]} 11. Nd3 {[%clk 1:01:26]} Qc7 {[%clk 0:40:32]} 12. h4
{[%clk 0:44:39]} e5 {[%clk 0:36:58]} 13. c5 {[%clk 0:41:27]} exd4
{[%clk 0:27:02]} 14. cxd4 {[%clk 0:40:43]} dxc5 {[%clk 0:26:51]} 15. Nxc5
{[%clk 0:26:24]} Bxc5 {[%clk 0:26:49]} 16. dxc5 {[%clk 0:25:58]} Qe7
{[%clk 0:25:14]} 17. Qc2 {[%clk 0:25:24]} Nd7 {[%clk 0:24:51]} 18. Be3
{[%clk 0:17:02]} Nf6 {[%clk 0:21:35]} 19. Rac1 {[%clk 0:16:27]} Be6
{[%clk 0:20:07]} 20. Bg5 {[%clk 0:11:51]} h6 {[%clk 0:18:22]} 21. Bxf6
{[%clk 0:11:33]} Qxf6 {[%clk 0:18:17]} 22. e3 {[%clk 0:11:24]} Qf7
{[%clk 0:17:56]} 23. a3 {[%clk 0:11:23]} Rfd8 {[%clk 0:17:15]} 24. Qb2
{[%clk 0:05:50]} Bc4 {[%clk 0:06:04]} 25. Rfd1 {[%clk 0:05:19]} Bb5
{[%clk 0:06:00]} 26. Rd4 {[%clk 0:03:17]} Rd7 {[%clk 0:05:41]} 27. a4
{[%clk 0:02:17]} Ba6 {[%clk 0:06:05]} 28. Bf1 {[%clk 0:02:22]} Bxf1
{[%clk 0:06:16]} 29. Rxf1 {[%clk 0:02:39]} Rad8 {[%clk 0:05:32]} 30. Rfd1
{[%clk 0:02:46]} Rxd4 {[%clk 0:01:11]} 31. Rxd4 {[%clk 0:03:04]} Rxd4 32. Qxd4
{[%clk 0:01:42]} Qd5 {[%clk 0:00:36]} 33. Qxd5 {[%clk 0:01:04]} cxd5
{[%clk 0:01:04]} 34. Kf1 {[%clk 0:01:23]} Kg8 {[%clk 0:01:18]} 35. Ke2
{[%clk 0:01:47]} Kf7 {[%clk 0:01:32]} 36. Kd3 {[%clk 0:02:14]} Ke7
{[%clk 0:01:23]} 37. Kd4 {[%clk 0:02:06]} Ke6 {[%clk 0:01:43]} 38. h5
{[%clk 0:02:05]} b6 {[%clk 0:00:46]} 39. cxb6 {[%clk 0:02:09]} axb6
{[%clk 0:01:15]} 40. f3 {[%clk 0:02:07]} Kd6 {[%clk 0:01:21]} 41. e4
{[%clk 0:01:01]} fxe4 {[%clk 0:01:38]} 42. fxe4 {[%clk 0:01:28]} dxe4
{[%clk 0:02:07]} 43. Kxe4 {[%clk 0:01:51]} Kc5 {[%clk 0:02:27]} 44. Kf5
{[%clk 0:02:17]} Kb4 {[%clk 0:02:51]} 45. Kg6 {[%clk 0:02:41]} Kxa4
{[%clk 0:03:17]} 46. Kxg7 {[%clk 0:03:07]} b5 {[%clk 0:03:33]} 47. Kxh6
{[%clk 0:03:30]} b4 {[%clk 0:03:58]} 48. Kg7 {[%clk 0:03:52]} b3 49. h6 b2
{[%clk 0:04:06]} 50. h7 {[%clk 0:04:00]} b1=Q {[%clk 0:04:33]} 51. h8=Q
{[%clk 0:04:21]} Qb2+ {[%clk 0:04:09]} 52. Kh7 {[%clk 0:04:27]} Qh2+
{[%clk 0:04:37]} 1/2-1/2